El suelo, los abonos y la fertilización de los cultivos /

Guardado en:
Autor Principal: Guerrero Garcia, Andrés
Formato: Libro
Publicado: Madrid : Mundi-prensa, 1990
Materias:
Etiquetas: Agregar Etiqueta
Sin Etiquetas, Sea el primero en etiquetar este registro!
LEADER 00578nam a22001935a 4500
001 CEM.cems016683
005 20100305142337.0
008 130507s1990##################000#0#####d
003 CEMS
082 0 4 |a 631.8 
100 1 |a Guerrero Garcia, Andrés 
245 1 0 |a El suelo, los abonos y la fertilización de los cultivos /  |c Andrés Guerrero Garcia, 
260 |a Madrid :  |b Mundi-prensa,  |c 1990 
300 |a 206 p. 
653 |a Suelo 
653 |a Planta-nutricion 
653 |a Abonos 
653 |a Cultivos-fertilizacion 
859 |a CEMS  |b BIB. CEMS - Agricultura  |h 631.8  |i G937  |p A18732.95  |t Ej.1